[Event "Torino op 53rd"]
[Site "Torino"]
[Date "2024.01.05"]
[Round "5"]
[White "Centamore, Alberto"]
[Black "Gallo, Ivan"]
[Result "1-0"]
[WhiteElo "2127"]
[BlackElo "2004"]
[PlyCount "83"]
[EventDate "2024.01.02"]
[EventType "swiss"]
[EventRounds "9"]
[EventCountry "ITA"]
[SourceTitle "CB02_2024"]
[SourceDate "2024.01.10"]
[SourceVersion "1"]
[SourceVersionDate "2024.01.10"]
[SourceQuality "1"]

1. d4 Nf6 2. c4 e6 3. Nf3 d5 4. g3 Bb4+ 5. Bd2 Be7 6. Bg2 0-0 7. 0-0 c6 8. Ne5 Nbd7 9. Nc3 Qb6 10. c5 Qd8 11. Nd3 b6 12. b4 Ba6 13. Bf4 Nh5 14. Bc1 Bf6 15. Be3 g6 16. f4 Bxd3 17. Qxd3 Ng7 18. Bf2 a5 19. a3 Ra7 20. b5 bxc5 21. bxc6 c4 22. Qc2 Nb6 23. e4 Rc7 24. exd5 exd5 25. Rab1 Rxc6 26. Rb5 Nf5 27. Rd1 Rd6 28. Rxa5 Re8 29. Qd2 h5 30. Rb5 Qa8 31. Rdb1 Qa7 32. Rc5 Nd7 33. Nb5 Qb8 34. Rxd5 Rxd5 35. Bxd5 Nb6 36. Bf3 Qd8 37. d5 c3 38. Nxc3 Nc4 39. Qd3 Nxa3 40. Rb3 Qa5 41. Ne4 Be7 42. d6 1-0

[Event "Treviso Master op 4th"]
[Site "Treviso"]
[Date "2023.04.01"]
[Round "2"]
[White "Centamore, Alberto"]
[Black "Vincenti, Leonardo"]
[Result "1-0"]
[WhiteElo "2022"]
[BlackElo "1939"]
[PlyCount "61"]
[EventDate "2023.03.31"]
[EventType "swiss"]
[EventRounds "5"]
[EventCountry "ITA"]
[SourceTitle "EXT 2024"]
[Source "ChessBase"]
[SourceDate "2023.10.10"]
[SourceVersion "1"]
[SourceVersionDate "2023.10.10"]
[SourceQuality "1"]

1. e4 c5 2. c3 d5 3. exd5 Qxd5 4. d4 Nc6 5. Nf3 Bf5 6. Be3 Nf6 7. Na3 0-0-0 8. Bc4 Qe4 9. 0-0 Bg4 10. Ng5 Bxd1 11. Nxe4 Nxe4 12. Rfxd1 cxd4 13. cxd4 Nd6 14. Be2 Kb8 15. d5 Ne5 16. Bf4 Ng6 17. Bg3 f5 18. h3 f4 19. Bh2 Nf7 20. Nc4 Ka8 21. Rac1 Nh4 22. Bxf4 g5 23. Ne5 Nxe5 24. Bxe5 Rg8 25. Bc7 Re8 26. Bb5 Bh6 27. Bxe8 Rxe8 28. d6 exd6 29. Rxd6 Bf8 30. Rd8+ Rxd8 31. Bxd8 1-0

[Event "Treviso Master op 4th"]
[Site "Treviso"]
[Date "2023.03.31"]
[Round "1"]
[White "Loiacono, Leonardo"]
[Black "Centamore, Alberto"]
[Result "1-0"]
[WhiteElo "2303"]
[BlackElo "2022"]
[PlyCount "67"]
[EventDate "2023.03.31"]
[EventType "swiss"]
[EventRounds "5"]
[EventCountry "ITA"]
[SourceTitle "EXT 2024"]
[Source "ChessBase"]
[SourceDate "2023.10.10"]
[SourceVersion "1"]
[SourceVersionDate "2023.10.10"]
[SourceQuality "1"]

1. d4 Nf6 2. c4 g6 3. Nc3 Bg7 4. e4 d6 5. Be2 0-0 6. Be3 e5 7. d5 c6 8. g4 Qa5 9. f3 c5 10. a3 b5 11. cxb5 a6 12. b4 cxb4 13. axb4 Qc7 14. Qb3 Qb7 15. Qa3 Nfd7 16. Bd3 Nb6 17. bxa6 Nxa6 18. Bxa6 Rxa6 19. Qxa6 Qxa6 20. Rxa6 Nc4 21. Ra2 Nxe3 22. Nge2 f5 23. gxf5 gxf5 24. Rg1 Kh8 25. Kd2 Bh6 26. Kd3 fxe4+ 27. fxe4 Ng4 28. Ra8 Nf2+ 29. Kc4 Be3 30. Rg3 Bb6 31. Na4 Bc7 32. Nec3 Rd8 33. Rf3 Nh3 34. Rf7 1-0